|
|
|
|
| LEADER |
00000nab a2200000ua 4500 |
| 001 |
vtls010760865 |
| 003 |
SK-MaSNL |
| 005 |
20260304202343.0 |
| 008 |
250718s1972 xo |||||||||||||||||slo| |
| 035 |
|
|
|a (urnnbn)urn:nbn:sk:snk:ar-a009t7
|
| 035 |
|
|
|a (uuid)f44095f6-e120-4475-9816-efd50b627a66
|
| 035 |
|
|
|a urn:nbn:sk:snk-ab4623
|
| 040 |
|
|
|a SNKBUCL
|b slo
|c SNKBUCL
|e AACR2
|
| 041 |
0 |
|
|a slo
|
| 044 |
|
|
|a xo
|c SK
|
| 100 |
1 |
|
|a Liška, Michal
|4 aut
|9 435447
|
| 245 |
1 |
0 |
|a Čierna hodinka
|c Michal Liška
|
| 773 |
0 |
|
|t Rodina a škola
|g Roč. 19, č. 3 (1972), s. 70-71
|
| 850 |
|
|
|a Slovenská národná knižnica
|
| 852 |
|
|
|a Slovenská národná knižnica
|
| 954 |
|
|
|a odborná, vedecká literatúra pôvodná (slovenská)
|2 lita
|
| 958 |
|
|
|a article3
|
| 958 |
|
|
|a OND
|
| 958 |
|
|
|a EUIPO
|
| 999 |
|
|
|c 3102541
|d 3104471
|